عرض عادي
عرض مارك
- Izaac, Joshua,
مدخل إسم شخص
001 - رقم الضبط
- حقل الضبط: 89598
003 - معرف رقم الضبط
- حقل الضبط: OSt
005 - تاريخ ووقت أخر عملية
- حقل الضبط: 20220315120441.0
008 - عناصر بيانات ثابتة الطول
- حقل تحكم ثابت الطول: 220315|| aca||aabn | a|a d
040 ## - مصدر الفهرسة
- هيئة الفهرسة الأصلية: OSt
- وكالة الكتابة: OSt
100 ## - مدخل -- أسم شخص
- إسم شخص: Izaac, Joshua,
670 ## - بيانات المصدر موجوده
- الاستشهاد بالمصدر: Work cat.: (OSt)0: Izaac, Joshua, author., Computational Quantum Mechanics /
